| 000 | 01778cam a2200409 i 4500 | ||
|---|---|---|---|
| 005 | 20260322212048.0 | ||
| 008 | data | ||
| 010 | _a 2013007278 | ||
| 020 | _a9781426211744 (trade : alk. paper) | ||
| 020 | _a1426211740 (trade : alk. paper) | ||
| 020 | _a9781426213090 (regular) | ||
| 020 | _a9781426212550 (delux) | ||
| 040 |
_aDLC _beng _cDLC _erda _dDLC |
||
| 042 | _apcc | ||
| 043 | _an------ | ||
| 050 | 0 | 0 |
_aQH102 _b.I45 2013 |
| 082 | 0 | 0 |
_a508.73 _223 |
| 092 | _a508.73 Nat 2014 | ||
| 245 | 1 | 0 |
_aIllustrated guide to nature : _bfrom your back door to the great outdoors : wildflowers, trees & shrubs, rocks & minerals, weather, night sky. |
| 260 | _c2014 | ||
| 264 | 1 |
_aWashington, D.C. : _bNational Geographic Society, _c2013. |
|
| 300 |
_a446 pages : _bcolor illustrations ; _c26 cm |
||
| 336 |
_atext _2rdacontent |
||
| 337 |
_aunmediated _2rdamedia |
||
| 338 |
_avolume _2rdacarrier |
||
| 504 | _aIncludes bibliographical references and index. | ||
| 505 | 0 | 0 |
_aIntroduction -- _tNight sky / _rCatherine Herbert Howell. _tTrees & shrubs / _rBland Crowder -- _tRocks & minerals / _rSarah Garlick -- _tWeather / _rJack Williams -- _tNight sky / _rCatherine Herbert Howell. |
| 650 | 0 |
_aNatural history _zNorth America. |
|
| 650 | 0 |
_aPlants _zNorth America _vIdentification. |
|
| 650 | 0 |
_aRocks _zNorth America _vIdentification. |
|
| 651 | 0 |
_aNorth America _xClimate. |
|
| 720 | 2 | _aNational Geographic Society (U.S.) | |
| 906 |
_a7 _bcbc _corignew _d1 _eecip _f20 _gy-gencatlg |
||
| 925 | 0 |
_aacquire _b2 shelf copies _xSel/rjc, 2014-06-03 |
|
| 955 |
_wrd13 2013-06-05 _trl09 2014-06-10 c. 2 added ; to CALM [c. 2 assigned to Sci RR] _trl09 2014-06-10 c. 2 added ; to CALM [c. 2 assigned to Sci RR] |
||
| 001 | data | ||
| 999 |
_c1134 _d1134 |
||